[Event "13th Asia-ch"]
[Site "Al-Ain UAE"]
[Date "2015.08.05"]
[Round "4"]
[White "Asgarizadeh, Mohammad Reza"]
[Black "Das, Debashis"]
[Result "0-1"]
[WhiteElo "2276"]
[BlackElo "2489"]
[EventDate "2015.08.02"]
[PlyCount "104"]

1.d4 Nf6 2.c4 c5 3.d5 e6 4.Nc3 exd5 5.cxd5 d6 6.Nf3 g6 7.Bf4 Bg7 8.Qa4+ 
Bd7 9.Qb3 Qc7 10.e4 O-O 11.Be2 b5 12.Bxb5 Nxe4 13.Nxe4 Qa5+ 14.Bd2 Qxb5 
15.Qxb5 Bxb5 16.Nxd6 Ba4 17.O-O Bxb2 18.Rab1 Bg7 19.Rfc1 Nd7 20.Nb7 Rfc8 
21.Ng5 c4 22.Be3 c3 23.Nxf7 Nb6 24.Nfd6 c2 25.Rb4 Rc7 26.Nc5 Nxd5 27.Rxa4 
Nxe3 28.fxe3 Rxc5 29.Nc4 Rac8 30.Rxc2 h5 31.Kf2 Bh6 32.Ke2 R8c7 33.e4 Rc8 
34.Kd3 Rd8+ 35.Kc3 Bg7+ 36.Kb4 Rc7 37.Ra5 Rdc8 38.Rb5 a5+ 39.Kb3 a4+ 40.
Kb4 Bf8+ 41.Kxa4 Rxc4+ 42.Rxc4 Rxc4+ 43.Kb3 Rxe4 44.a4 Re3+ 45.Kc4 Re2 46.
Rg5 Kh7 47.a5 Kh6 48.Rd5 Rxg2 49.Rd8 Be7 50.Re8 Bh4 51.a6 Ra2 52.Kb5 Bf2 
0-1

[Event "13th Asia-ch"]
[Site "Al-Ain UAE"]
[Date "2015.08.05"]
[Round "4"]
[White "Xu Xiangyu"]
[Black "Venkatesh, Marani Rajendran"]
[Result "1/2-1/2"]
[WhiteElo "2257"]
[BlackElo "2484"]
[EventDate "2015.08.02"]
[PlyCount "69"]

1.e4 e5 2.Nf3 Nc6 3.Nc3 Nf6 4.d4 exd4 5.Nxd4 Bb4 6.Nxc6 bxc6 7.Bd3 O-O 8.
O-O d5 9.exd5 cxd5 10.Bg5 c6 11.Na4 Bd6 12.Qf3 Be6 13.Rad1 Rb8 14.b3 Re8 
15.Rfe1 h6 16.Bxf6 Qxf6 17.Qxf6 gxf6 18.f3 f5 19.g3 f4 20.g4 h5 21.h3 Kg7 
22.Kg2 Kf6 23.c3 a5 24.Bf1 Kg5 25.c4 hxg4 26.hxg4 Bb4 27.Re5+ Kf6 28.Rh5 
Rbd8 29.cxd5 Bxd5 30.Rd3 Re5 31.Rxe5 Kxe5 32.Nb6 Rg8 33.Nxd5 cxd5 34.Rd1 
f5 35.Rxd5+ 1/2-1/2

[Event "13th Asia-ch"]
[Site "Al-Ain UAE"]
[Date "2015.08.05"]
[Round "4"]
[White "Al-Hajiri, Bader"]
[Black "Pascua, Haridas"]
[Result "0-1"]
[WhiteElo "2238"]
[BlackElo "2447"]
[EventDate "2015.08.02"]
[PlyCount "136"]

1.e4 g6 2.d4 Bg7 3.Nf3 d6 4.Nc3 Nf6 5.Bd3 O-O 6.O-O Nc6 7.h3 e5 8.d5 Ne7 
9.Bg5 h6 10.Be3 Nh5 11.Qd2 g5 12.Kh2 Nf4 13.Ng1 Qd7 14.Nce2 f5 15.exf5 
Nxf5 16.Be4 Qf7 17.Ng3 Nh4 18.Qd1 h5 19.Nf3 Nxf3+ 20.Bxf3 g4 21.hxg4 hxg4 
22.Be4 Qf6 23.Rh1 Bh6 24.Qd2 Kf7 25.Kg1 Ke8 26.c4 Kd8 27.Kf1 b6 28.Ke1 Bd7
29.Kd1 Rc8 30.Rh2 Rh8 31.Kc2 c6 32.Rah1 cxd5 33.Bxd5 Kc7 34.Kb1 Bg7 35.Be4
Rxh2 36.Rxh2 Be6 37.Rh7 Bg8 38.Rh1 Bxc4 39.Bxf4 Qxf4 40.Qxf4 exf4 41.Nf5 
d5 42.Bc2 Be5 43.b3 Ba6 44.Ne7 Rd8 45.Rh5 Bd6 46.Nxd5+ Kb8 47.Rf5 Bc8 48.
Rg5 Re8 49.Bd3 Re1+ 50.Kc2 g3 51.fxg3 fxg3 52.Rg8 Kb7 53.Nc3 Be6 54.Be4+ 
Kc7 55.Nb5+ Kd7 56.Nxd6 Bxg8 57.Kd2 Ra1 58.Nb5 Rxa2+ 59.Kc3 Ke6 60.Bc6 Ke5
61.Nd4 Bd5 62.Bxd5 Kxd5 63.Nf5 Ke6 64.Nxg3 Rxg2 65.Nf1 Kd5 66.Nd2 Rxd2 67.
Kxd2 Kd4 68.Kc2 b5 0-1

[Event "13th Asia-ch"]
[Site "Al-Ain UAE"]
[Date "2015.08.05"]
[Round "4"]
[White "Sharavdorj, Dashzeveg"]
[Black "Said, Ishaq"]
[Result "1-0"]
[WhiteElo "2423"]
[BlackElo "2252"]
[EventDate "2015.08.02"]
[PlyCount "71"]

1.d4 Nf6 2.c4 e6 3.Nf3 b6 4.a3 Ba6 5.Qc2 c5 6.d5 exd5 7.cxd5 g6 8.Nc3 Bg7 
9.g3 O-O 10.Bg2 d6 11.O-O Re8 12.Re1 Nbd7 13.Bf4 Qb8 14.h3 b5 15.e4 Nh5 
16.Be3 Qc8 17.Bf1 b4 18.Bxa6 Qxa6 19.axb4 Qc4 20.bxc5 Nxc5 21.Bxc5 Qxc5 
22.Kg2 Rab8 23.Ra3 Re7 24.Re2 Nf6 25.Ra6 Rc7 26.Qa4 Rb4 27.Qa3 Qc4 28.Rxd6
Bf8 29.Rxf6 Rb6 30.d6 Rb3 31.Qxb3 Qxb3 32.dxc7 Qc4 33.Nd5 a5 34.Re3 Bb4 
35.Ne5 Qc5 36.Rc6 1-0

[Event "13th Asia-ch"]
[Site "Al-Ain UAE"]
[Date "2015.08.05"]
[Round "4"]
[White "Tologontegin, Semetey"]
[Black "Bayarmandakh, Balgan"]
[Result "1-0"]
[WhiteElo "2390"]
[BlackElo "2225"]
[EventDate "2015.08.02"]
[PlyCount "103"]

1.g3 g6 2.Bg2 Bg7 3.e4 d6 4.d4 Nf6 5.Ne2 O-O 6.O-O e5 7.h3 Re8 8.Nbc3 Nc6 
9.Be3 Bd7 10.d5 Ne7 11.Qd2 Kh8 12.f4 exf4 13.Rxf4 Neg8 14.Raf1 Qe7 15.g4 
Rf8 16.R4f2 Ne8 17.Bg5 f6 18.Bh4 c5 19.dxc6 bxc6 20.Kh1 Rd8 21.Nd4 Nc7 22.
Nce2 c5 23.Nb3 Bc6 24.Nc3 Rb8 25.Na5 Ba8 26.Nc4 Rbd8 27.Bg3 Rd7 28.b3 Rfd8
29.Nd5 Bxd5 30.exd5 Re8 31.Bf4 Qd8 32.a4 Na8 33.Na5 Nb6 34.Nc6 Qc7 35.Re1 
Rxe1+ 36.Qxe1 Nc8 37.Re2 Nce7 38.Re6 f5 39.Nxe7 Rxe7 40.Rxe7 Nxe7 41.Qe6 
Ng8 42.Bxd6 Qa5 43.gxf5 gxf5 44.Kh2 Qb6 45.a5 Qxa5 46.Be5 Qb6 47.d6 Qd8 
48.d7 Nf6 49.Bc6 h6 50.Kh1 a5 51.c4 Qf8 52.Bd6 1-0

[Event "13th Asia-ch"]
[Site "Al-Ain UAE"]
[Date "2015.08.05"]
[Round "4"]
[White "Xu Yi"]
[Black "Ayyad, Maher"]
[Result "1/2-1/2"]
[WhiteElo "2365"]
[BlackElo "2122"]
[EventDate "2015.08.02"]
[PlyCount "91"]

1.e4 c5 2.Nf3 e6 3.Nc3 a6 4.d4 cxd4 5.Nxd4 Qc7 6.Bd3 Nc6 7.Nxc6 bxc6 8.O-O
Nf6 9.f4 d6 10.Kh1 Be7 11.b3 O-O 12.Bb2 e5 13.Qf3 exf4 14.Qxf4 Ng4 15.Qg3 
Ne5 16.Ne2 Ng6 17.Bc4 Bh4 18.Qc3 Ne5 19.Nd4 Kh8 20.Rf4 Bg5 21.Rf2 Bh6 22.
h3 Qe7 23.Raf1 f6 24.Nf3 Bd7 25.Nxe5 fxe5 26.Rf7 Rxf7 27.Rxf7 Qe8 28.Qf3 
Bg5 29.Ba3 c5 30.Bd5 Rd8 31.Qf1 h6 32.Qxa6 Be6 33.Bxe6 Qxe6 34.Rf1 Qg6 35.
Qd3 Ra8 36.Bb2 Rxa2 37.Rf8+ Kh7 38.Qd5 h5 39.h4 Bf4 40.Qg8+ Kh6 41.Rf5 Qg4
42.Rf6+ gxf6 43.Qh8+ Kg6 44.Qg8+ Kh6 45.Qh8+ Kg6 46.Qg8+ 1/2-1/2

[Event "13th Asia-ch"]
[Site "Al-Ain UAE"]
[Date "2015.08.05"]
[Round "4"]
[White "Mamyrbay, Assad"]
[Black "Lodhi, Mahmood"]
[Result "1-0"]
[WhiteElo "2217"]
[BlackElo "2310"]
[EventDate "2015.08.02"]
[PlyCount "85"]

1.e4 e5 2.Nf3 Nc6 3.Bb5 a6 4.Ba4 g6 5.c3 Qe7 6.O-O d6 7.d4 Bd7 8.Be3 Bg7 
9.Nbd2 Nf6 10.Re1 Ng4 11.Bg5 f6 12.Be3 Nxe3 13.Rxe3 Nd8 14.Bxd7+ Qxd7 15.
Nc4 Qf7 16.Qb3 O-O 17.Rd1 a5 18.Ncd2 a4 19.Qxf7+ Rxf7 20.d5 Bh6 21.Rd3 b6 
22.c4 Nb7 23.Ra3 Rff8 24.Nb1 Nc5 25.Nc3 f5 26.Re1 Nd3 27.Rb1 fxe4 28.Nxe4 
Nxb2 29.Nfd2 Rf4 30.Rxb2 Rxe4 31.Nxe4 Bc1 32.Rbb3 Ra5 33.Rf3 Bxa3 34.Rxa3 
b5 35.cxb5 Rxb5 36.Nc3 Rc5 37.Kf1 Kf7 38.Ke2 c6 39.dxc6 Rxc6 40.Kd3 Ke6 
41.Rxa4 d5 42.f3 h5 43.Ra8 1-0

[Event "13th Asia-ch"]
[Site "Al-Ain UAE"]
[Date "2015.08.05"]
[Round "4"]
[White "Anuruddha, Galappaththi Chinthaka"]
[Black "Isaev, Jamshed"]
[Result "0-1"]
[WhiteElo "2066"]
[BlackElo "2300"]
[EventDate "2015.08.02"]
[PlyCount "136"]

1.Nf3 Nf6 2.g3 d5 3.Bg2 Bf5 4.d3 h6 5.O-O e6 6.b3 Be7 7.Bb2 O-O 8.Nbd2 c6 
9.Re1 Bh7 10.e4 a5 11.a3 Na6 12.Qe2 Nc5 13.Ne5 Qb6 14.Rab1 Rfd8 15.exd5 
cxd5 16.Ndf3 Rac8 17.Bd4 Qd6 18.Bb2 Ne8 19.Nd4 f6 20.Ng4 e5 21.Nb5 Qd7 22.
a4 Na6 23.Ne3 Nb4 24.Rbd1 Bc5 25.d4 exd4 26.Bxd4 Bxd4 27.Rxd4 Kh8 28.c3 
Nc6 29.Rxd5 Qe6 30.Qd2 Rxd5 31.Nxd5 Qf7 32.c4 Ne5 33.f4 Nc6 34.h3 Qf8 35.
Qe3 Nd6 36.Ne7 Re8 37.Bxc6 Nf5 38.Qf2 bxc6 39.Nxf5 Rxe1+ 40.Qxe1 Bxf5 41.
Nd4 Qc5 42.Qe3 Bxh3 43.Qe8+ Kh7 44.Qe4+ g6 45.Kh2 Bd7 46.Kg2 Qd6 47.Kf2 h5
48.Nf3 Qc5+ 49.Qe3 Qxe3+ 50.Kxe3 c5 51.Nd2 Bf5 52.Nf3 Bc2 53.Nd2 g5 54.
fxg5 fxg5 55.Nf3 Kh6 56.Ne5 Bxb3 57.Nd3 Bxa4 58.Nxc5 Bc6 59.Ne6 a4 60.Kd2 
h4 61.Nxg5 hxg3 62.Nh3 Kh5 63.Nf4+ Kg4 64.Ne2 g2 65.Ng1 Kg3 66.Ne2+ Kh2 
67.c5 Bf3 68.Nd4 Bg4 0-1

[Event "13th Asia-ch"]
[Site "Al-Ain UAE"]
[Date "2015.08.05"]
[Round "4"]
[White "Iyti, Basher"]
[Black "Asgarizadeh, Ahmad"]
[Result "0-1"]
[WhiteElo "2305"]
[BlackElo "2407"]
[EventDate "2015.08.02"]
[PlyCount "80"]

1.d4 Nf6 2.Nf3 d5 3.c4 dxc4 4.e3 Bg4 5.Bxc4 e6 6.Qb3 Bxf3 7.gxf3 Nbd7 8.
Nc3 Nb6 9.Be2 c5 10.dxc5 Bxc5 11.Bd2 O-O 12.O-O-O Qe7 13.Kb1 a5 14.Qb5 
Rfc8 15.Ne4 Nfd5 16.Rhg1 Bb4 17.a3 Bxd2 18.Rxd2 f5 19.Ng3 Rc5 20.Qb3 a4 
21.Qd1 Rac8 22.e4 Nf4 23.Ka2 Nh3 24.Re1 f4 25.Bf1 Ng5 26.Nh5 e5 27.h4 Ne6 
28.Bh3 R5c6 29.Kb1 Re8 30.Rg1 g6 31.Rd5 Nc5 32.Rg5 Nxd5 33.exd5 Rd6 34.Qc2
b6 35.Bf5 Kh8 36.Bxg6 hxg6 37.Rxg6 Rg8 38.Rxg8+ Kxg8 39.Qf5 Qh7 40.Qxh7+ 
Kxh7 0-1

[Event "13th Asia-ch"]
[Site "Al-Ain UAE"]
[Date "2015.08.05"]
[Round "4"]
[White "Hj Azahari, Md Aliuddin"]
[Black "Salih Akar, Ali"]
[Result "0-1"]
[WhiteElo "2024"]
[BlackElo "2359"]
[EventDate "2015.08.02"]
[PlyCount "84"]

1.e4 Nf6 2.e5 Nd5 3.d4 d6 4.c4 Nb6 5.f4 g6 6.Be3 dxe5 7.fxe5 Bg7 8.Nf3 c5 
9.d5 Bg4 10.Bf4 N8d7 11.Qe2 O-O 12.Nbd2 e6 13.dxe6 Bxe6 14.O-O-O Qc7 15.
Qe3 Rfe8 16.Bd3 Na4 17.Bc2 b5 18.cxb5 Nab6 19.Be4 Rab8 20.Bc6 a6 21.Bh6 
Bh8 22.Ne4 axb5 23.Bxd7 Bxd7 24.Qg5 Re6 25.Rd6 f6 26.exf6 Rxe4 27.Ne5 Be8 
28.Rhd1 Rd4 29.f7+ Bxf7 30.Nxf7 Kxf7 31.Rf1+ Kg8 32.Rdf6 Bg7 33.Bxg7 Qxg7 
34.Qg3 Nd7 35.Re6 Rf8 36.Rfe1 Rdf4 37.Re7 R4f7 38.R7e2 Qh6+ 39.Kb1 Qf4 40.
Qb3 Qf5+ 41.Ka1 c4 42.Qb4 Nc5 0-1

[Event "13th Asia-ch"]
[Site "Al-Ain UAE"]
[Date "2015.08.05"]
[Round "4"]
[White "Baimurzin, Aitkazy"]
[Black "Byambaa, Zulzaga"]
[Result "1/2-1/2"]
[WhiteElo "2096"]
[BlackElo "2258"]
[EventDate "2015.08.02"]
[PlyCount "121"]

1.c4 Nf6 2.Nc3 g6 3.g3 Bg7 4.Bg2 O-O 5.b4 c6 6.Bb2 d5 7.cxd5 Nxd5 8.Qb3 
Be6 9.Nxd5 Bxd5 10.Bxd5 Qxd5 11.Qxd5 cxd5 12.Bxg7 Kxg7 13.Nf3 Nc6 14.Rb1 
Rfc8 15.O-O f6 16.d4 a6 17.Rfc1 e6 18.Rc5 b6 19.Rc2 Ne5 20.Rbc1 Rxc2 21.
Rxc2 Nc4 22.a4 a5 23.b5 Kf7 24.Ne1 Ke7 25.e4 Kd6 26.f4 e5 27.dxe5+ fxe5 
28.fxe5+ Kxe5 29.exd5 Kxd5 30.Nd3 Kd4 31.Nf4 Re8 32.Kf2 g5 33.Ne2+ Kd3 34.
Rc3+ Kd2 35.Rxc4 Rxe2+ 36.Kf3 Rxh2 37.Kg4 Kd3 38.Rc6 Ra2 39.Kxg5 Rxa4 40.
Rxb6 Rb4 41.Kh6 Kc4 42.Kxh7 Kc5 43.Rb8 Rg4 44.b6 Kc6 45.b7 a4 46.Kh6 Kc7 
47.Rd8 Kxb7 48.Rd3 Rb4 49.Ra3 Kc6 50.Kh5 Kb5 51.g4 Rb3 52.Ra1 Rh3+ 53.Kg6 
a3 54.g5 Kb4 55.Kg7 Kb3 56.g6 Kb2 57.Rxa3 Kxa3 58.Kf8 Rf3+ 59.Ke7 Kb4 60.
g7 Rg3 61.Kf7 1/2-1/2

[Event "13th Asia-ch"]
[Site "Al-Ain UAE"]
[Date "2015.08.05"]
[Round "4"]
[White "Ezizov, Jumamuhammet"]
[Black "Nassar, Marwan"]
[Result "1/2-1/2"]
[WhiteElo "1789"]
[BlackElo "2030"]
[EventDate "2015.08.02"]
[PlyCount "135"]

1.e4 d5 2.exd5 Qxd5 3.Nc3 Qd6 4.Nf3 Nf6 5.b3 Bg4 6.Be2 Nc6 7.O-O e5 8.Re1 
Be7 9.Nb5 Qd7 10.d4 exd4 11.Nfxd4 Bxe2 12.Qxe2 O-O 13.Nxc6 Qxc6 14.Bb2 
Rfe8 15.Nd4 Qc5 16.Qf3 Qd5 17.Qxd5 Nxd5 18.c4 Nf4 19.Nf5 Bf8 20.Rxe8 Rxe8 
21.g3 Nd3 22.Bd4 c5 23.Be3 g6 24.Nh4 Rd8 25.Rd1 Rd7 26.f4 Ne5 27.Rxd7 Nxd7
28.Nf3 Bg7 29.Kf2 h6 30.Ke2 f5 31.Ne1 Kf7 32.Nd3 b6 33.b4 Bf8 34.bxc5 bxc5
35.Kd2 Ke6 36.Kc2 Kd6 37.Kb3 Kc6 38.Ka4 Nb6+ 39.Kb3 Nd7 40.h3 Bd6 41.g4 
Nf6 42.Ne5+ Bxe5 43.fxe5 Ng8 44.gxf5 gxf5 45.h4 h5 46.Bg5 Kd7 47.Ka4 Ke6 
48.Bf4 Ne7 49.Kb5 Ng6 50.Bg3 f4 51.Bf2 Nxe5 52.Bxc5 f3 53.Bxa7 Kd7 54.a4 
Kc8 55.a5 Nd3 56.a6 f2 57.Bxf2 Nxf2 58.c5 Ne4 59.Kb6 Kb8 60.c6 Nd6 61.a7+ 
Ka8 62.Kc5 Ne8 63.Kd5 Kxa7 64.Ke6 Kb6 65.Kf7 Kxc6 66.Kxe8 Kd6 67.Kf7 Ke5 
68.Kg6 1/2-1/2

[Event "13th Asia-ch"]
[Site "Al-Ain UAE"]
[Date "2015.08.05"]
[Round "4"]
[White "Bukhari, Mohameed"]
[Black "Miswadah, Baha"]
[Result "0-1"]
[WhiteElo "1737"]
[BlackElo "1855"]
[EventDate "2015.08.02"]
[PlyCount "68"]

1.e4 c5 2.Bc4 Nc6 3.Nf3 g6 4.d3 Bg7 5.Nc3 Nf6 6.h3 d6 7.O-O O-O 8.Ne2 a6 
9.c3 b5 10.Bb3 Bb7 11.Ng3 Rc8 12.Qe2 Nd7 13.Nh2 Nce5 14.f4 Nxd3 15.Bxf7+ 
Rxf7 16.Qxd3 Qb6 17.Be3 a5 18.Rf2 Qc6 19.Rd1 c4 20.Qe2 Nc5 21.Bxc5 Qxc5 
22.Kh1 b4 23.Ng4 Rcf8 24.cxb4 axb4 25.f5 h5 26.Nh2 Be5 27.fxg6 Rxf2 28.
Qxh5 R8f7 29.Nf5 R7xf5 30.Qh7+ Kf8 31.Qh6+ Bg7 32.Qh4 R5f4 33.Qh7 Bxe4 34.
Rg1 Rxg2 0-1

[Event "13th Asia-ch"]
[Site "Al-Ain UAE"]
[Date "2015.08.06"]
[Round "5"]
[White "Ganguly, Surya Shekhar"]
[Black "Darini, Pouria"]
[Result "1-0"]
[WhiteElo "2631"]
[BlackElo "2501"]
[EventDate "2015.08.02"]
[PlyCount "97"]

1.d4 Nf6 2.c4 g6 3.Nc3 d5 4.Nf3 Bg7 5.e3 O-O 6.Bd2 c6 7.Bd3 Bg4 8.O-O dxc4
9.Bxc4 Nbd7 10.h3 Bxf3 11.Qxf3 e5 12.Rad1 exd4 13.exd4 Nb6 14.Bb3 Nfd5 15.
Ne4 Qc7 16.Bg5 Kh8 17.Rfe1 Rae8 18.Bh4 f5 19.Nc5 Qf7 20.Bg5 Rxe1+ 21.Rxe1 
Re8 22.Rxe8+ Qxe8 23.Qd1 h6 24.Bc1 Qe7 25.Kf1 Kh7 26.Bc2 Qd6 27.g4 Nb4 28.
gxf5 Nxc2 29.Qxc2 Bxd4 30.Ne6 Bf6 31.fxg6+ Kg8 32.Qf5 Qd1+ 33.Kg2 Qd5+ 34.
Qxd5 Nxd5 35.Bxh6 Ne7 36.Bg5 Bxg5 37.Nxg5 Nxg6 38.Kf3 Kf8 39.Ke4 Ke7 40.
Kf5 Nh4+ 41.Kg4 Ng6 42.f4 c5 43.h4 b5 44.h5 Nh8 45.Kf5 c4 46.Ke5 a5 47.Kd5
a4 48.Ne4 Nf7 49.a3 1-0

[Event "13th Asia-ch"]
[Site "Al-Ain UAE"]
[Date "2015.08.06"]
[Round "5"]
[White "Lin Chen"]
[Black "Vishnu Prasanna, Vasanthan"]
[Result "1-0"]
[WhiteElo "2494"]
[BlackElo "2502"]
[EventDate "2015.08.02"]
[PlyCount "65"]

1.e4 e5 2.Nf3 Nc6 3.Bb5 a6 4.Ba4 Nf6 5.O-O Be7 6.Bxc6 dxc6 7.Qe1 O-O 8.
Nxe5 Re8 9.d3 Bd6 10.Nc4 Ng4 11.f3 Bc5+ 12.Kh1 b5 13.Na5 Ne5 14.Be3 Bb6 
15.Nb3 f5 16.Nc3 Ng6 17.Qf2 f4 18.Bxb6 cxb6 19.d4 a5 20.a3 Ba6 21.Rfd1 Ra7
22.Nc1 b4 23.axb4 axb4 24.N3e2 Ree7 25.Qe1 Bxe2 26.Nxe2 Rxa1 27.Rxa1 c5 
28.d5 Qb8 29.h3 Ne5 30.Qd2 g5 31.d6 Re6 32.d7 Nf7 33.Qd5 1-0

[Event "13th Asia-ch"]
[Site "Al-Ain UAE"]
[Date "2015.08.06"]
[Round "5"]
[White "Idani, Pouya"]
[Black "Le Quang Liem"]
[Result "0-1"]
[WhiteElo "2568"]
[BlackElo "2699"]
[EventDate "2015.08.02"]
[PlyCount "120"]

1.e4 c5 2.Nf3 e6 3.d4 cxd4 4.Nxd4 Nc6 5.Nc3 Qc7 6.Be2 a6 7.O-O Nf6 8.Be3 
Be7 9.f4 d6 10.Qe1 O-O 11.Qg3 Nxd4 12.Bxd4 b5 13.a3 Bb7 14.Kh1 Rad8 15.Bd3
Rfe8 16.Rae1 Rd7 17.a4 bxa4 18.Nxa4 d5 19.e5 Ne4 20.Qe3 g6 21.c4 Bb4 22.
cxd5 Bxe1 23.Bxe4 Qc4 24.Rxe1 Qxa4 25.d6 Bxe4 26.Qxe4 Rc8 27.Bc3 Rc4 28.
Qe3 h6 29.h3 Qc2 30.Qf3 Kg7 31.Kh2 Qf5 32.Rf1 Qe4 33.Qxe4 Rxe4 34.Ra1 Rxf4
35.Rxa6 Rc4 36.Kg3 g5 37.Kf3 Rb7 38.Ke3 Rc8 39.Kd3 Rb5 40.Ra7 Rd5+ 41.Ke3 
h5 42.Rc7 Ra8 43.b4 Ra3 44.Rc8 h4 45.Ke4 Kg6 46.Bd4 Rb3 47.Bc3 Ra3 48.Rg8+
Kh7 49.Rc8 Kg6 50.Rg8+ Kh7 51.Rc8 Ra2 52.b5 Ra4+ 53.Ke3 Ra3 54.b6 Rb3 55.
Rc7 Rxe5+ 56.Kf2 Rf5+ 57.Ke2 Rxb6 58.d7 Rd6 59.Bb4 Re5+ 60.Kf2 Rd4 0-1

[Event "13th Asia-ch"]
[Site "Al-Ain UAE"]
[Date "2015.08.06"]
[Round "5"]
[White "Gao Rui"]
[Black "Santosh Gujrathi, Vidit"]
[Result "1/2-1/2"]
[WhiteElo "2528"]
[BlackElo "2644"]
[EventDate "2015.08.02"]
[PlyCount "79"]

1.e4 e6 2.d4 d5 3.Nc3 Nf6 4.Bg5 dxe4 5.Nxe4 Be7 6.Bxf6 gxf6 7.Nf3 f5 8.Nc3
a6 9.g3 b5 10.Bg2 Bb7 11.O-O c5 12.dxc5 Bxc5 13.Qxd8+ Kxd8 14.Ne5 Bxg2 15.
Kxg2 Ke7 16.a4 Bd6 17.Rfe1 b4 18.Na2 Rc8 19.c3 bxc3 20.Nxc3 Bxe5 21.Rxe5 
Nc6 22.Re3 Nb4 23.Rd1 Rd8 24.Kf1 Rxd1+ 25.Nxd1 Rd8 26.Ke2 Rd4 27.Rb3 Kf6 
28.Nc3 Ke5 29.Nb1 Kf6 30.a5 e5 31.Rc3 e4 32.Nd2 Rd5 33.Rc4 Rb5 34.f3 Kg7 
35.fxe4 fxe4 36.Rxe4 Nc6 37.Rg4+ Kf6 38.Rc4 Nxa5 39.Ra4 Kg7 40.b4 1/2-1/2

[Event "13th Asia-ch"]
[Site "Al-Ain UAE"]
[Date "2015.08.06"]
[Round "5"]
[White "Gupta, Abhijeet"]
[Black "Vakhidov, Jahongir"]
[Result "1-0"]
[WhiteElo "2619"]
[BlackElo "2525"]
[EventDate "2015.08.02"]
[PlyCount "105"]

1.d4 d5 2.c4 e6 3.Nc3 c5 4.cxd5 exd5 5.Nf3 Nc6 6.g3 Nf6 7.Bg2 Be7 8.O-O 
O-O 9.dxc5 Bxc5 10.Na4 Be7 11.Be3 Re8 12.Rc1 Bg4 13.h3 Bf5 14.Nd4 Qd7 15.
Nxf5 Qxf5 16.Qd3 Qxd3 17.exd3 Nb4 18.Rc7 b6 19.a3 Nxd3 20.Rd1 Ne5 21.Nc3 
Nc4 22.Bc1 Rac8 23.Rxa7 Nxa3 24.Bxd5 Nc4 25.Bb7 Rc5 26.b4 Re5 27.Bf4 Re6 
28.Nd5 Bd6 29.Bc6 Rf8 30.Bb5 Bxf4 31.Bxc4 Nxd5 32.Bxd5 Rg6 33.Rb7 Be5 34.
Re1 Rg5 35.Ba2 Bd6 36.Rxb6 Rg6 37.Rb7 Rf6 38.Kg2 g6 39.Rc1 Re8 40.Rc6 Rd8 
41.b5 Rf5 42.b6 Bb8 43.g4 Rf4 44.Rcc7 Rf8 45.Rxf7 R4xf7 46.Bxf7+ Kh8 47.
Rd7 Kg7 48.Bd5+ Kh6 49.Be4 Rf6 50.Rb7 Bd6 51.h4 Re6 52.g5+ Kh5 53.Kh3 1-0

[Event "13th Asia-ch"]
[Site "Al-Ain UAE"]
[Date "2015.08.06"]
[Round "5"]
[White "Sengupta, Deep"]
[Black "Wang Chen"]
[Result "1/2-1/2"]
[WhiteElo "2594"]
[BlackElo "2524"]
[EventDate "2015.08.02"]
[PlyCount "87"]

1.e4 c5 2.Nf3 e6 3.d4 cxd4 4.Nxd4 Nc6 5.Nc3 Qc7 6.Be2 a6 7.O-O Nf6 8.Be3 
Bb4 9.Na4 Bd6 10.Nb6 Rb8 11.g3 Be7 12.Nxc6 bxc6 13.Nxc8 Qxc8 14.e5 Nd5 15.
Bc1 c5 16.a3 O-O 17.c4 Nb6 18.Bd3 Rd8 19.Qc2 g6 20.Rb1 Qc7 21.b4 cxb4 22.
axb4 Rdc8 23.Bf4 g5 24.Be3 Nxc4 25.Rfc1 Qxe5 26.Bxc4 d5 27.Bc5 Bxc5 28.
Bxa6 Bxf2+ 29.Qxf2 Rxc1+ 30.Rxc1 Rxb4 31.Bd3 Qd4 32.Qxd4 Rxd4 33.Rc3 Kg7 
34.Kf2 h5 35.h3 h4 36.g4 Rb4 37.Bc2 Kf6 38.Ke2 Rb7 39.Rf3+ Ke7 40.Kd2 Ra7 
41.Bh7 Ra8 42.Kc1 Rh8 43.Bc2 Rb8 44.Kd2 1/2-1/2

[Event "13th Asia-ch"]
[Site "Al-Ain UAE"]
[Date "2015.08.06"]
[Round "5"]
[White "Khusnutdinov, Rustam"]
[Black "Lalith Babu, Musunuri Rohit"]
[Result "1-0"]
[WhiteElo "2510"]
[BlackElo "2570"]
[EventDate "2015.08.02"]
[PlyCount "67"]

1.e4 c6 2.d4 d5 3.e5 Bf5 4.h4 h5 5.Bd3 Bxd3 6.Qxd3 e6 7.Bg5 Qb6 8.Nd2 Qa6 
9.c4 Ne7 10.Ne2 Nd7 11.O-O Nf5 12.Ng3 Ne7 13.Qe2 Qb6 14.c5 Qc7 15.Rfe1 a5 
16.Rad1 b6 17.cxb6 Qxb6 18.Nf3 Ng6 19.Rc1 Rc8 20.Rc2 Be7 21.Bxe7 Nxe7 22.
Rec1 Ng6 23.Qe3 Nb8 24.Qg5 Qd8 25.Qxd8+ Kxd8 26.Rc5 f6 27.Rxa5 Nd7 28.Ra7 
fxe5 29.dxe5 c5 30.Rc3 Rb8 31.Ng5 Ke7 32.Rxc5 Rxb2 33.Rc6 Nf4 34.Nxe6 1-0

[Event "13th Asia-ch"]
[Site "Al-Ain UAE"]
[Date "2015.08.06"]
[Round "5"]
[White "Nguyen Ngoc Truong Son"]
[Black "Gundavaa, Bayarsaihan"]
[Result "1/2-1/2"]
[WhiteElo "2662"]
[BlackElo "2492"]
[EventDate "2015.08.02"]
[PlyCount "31"]

1.e4 c5 2.Nf3 d6 3.d4 cxd4 4.Nxd4 Nf6 5.Nc3 a6 6.Bg5 e6 7.f4 Qc7 8.Bxf6 
gxf6 9.Qd2 b5 10.a3 Bb7 11.Be2 h5 12.O-O Nd7 13.Kh1 Nb6 14.Rf3 h4 15.Rh3 
Rc8 16.Qe1 1/2-1/2

[Event "13th Asia-ch"]
[Site "Al-Ain UAE"]
[Date "2015.08.06"]
[Round "5"]
[White "Sasikiran, Krishnan"]
[Black "Narayanan, Sunilduth Lyna"]
[Result "1/2-1/2"]
[WhiteElo "2640"]
[BlackElo "2481"]
[EventDate "2015.08.02"]
[PlyCount "84"]

1.d4 Nf6 2.c4 e6 3.g3 d5 4.Bg2 Bb4+ 5.Bd2 Bd6 6.cxd5 exd5 7.Nc3 c6 8.e3 
Bf5 9.Nge2 Qd7 10.f3 c5 11.g4 Be6 12.Nf4 cxd4 13.exd4 Nc6 14.Nce2 h6 15.
Qb3 O-O-O 16.O-O-O Kb8 17.Kb1 g5 18.Nxe6 fxe6 19.Ka1 e5 20.dxe5 Bxe5 21.h4
Rhg8 22.hxg5 hxg5 23.Rhe1 Rde8 24.Nc1 Qc7 25.Ne2 Na5 26.Qd3 Nc4 27.Bc1 Qb6
28.Nc3 a6 29.Bf1 Qb4 30.Re2 Bf4 31.a3 Qb3 32.Nxd5 Qxd3 33.Rxe8+ Rxe8 34.
Bxf4+ gxf4 35.Bxd3 Nxd5 36.Bxc4 Ne3 37.Bf7 Rh8 38.Rd2 Rh3 39.Rf2 Nd1 40.
Rd2 Ne3 41.Rf2 Nd1 42.Rd2 Ne3 1/2-1/2

[Event "13th Asia-ch"]
[Site "Al-Ain UAE"]
[Date "2015.08.06"]
[Round "5"]
[White "Rahman, Ziaur"]
[Black "Sethuraman, Panayapan"]
[Result "0-1"]
[WhiteElo "2509"]
[BlackElo "2635"]
[EventDate "2015.08.02"]
[PlyCount "118"]

1.d4 d5 2.c4 e6 3.Nc3 c6 4.e4 dxe4 5.Nxe4 Bb4+ 6.Bd2 Qxd4 7.Bxb4 Qxe4+ 8.
Be2 a5 9.Bc3 f6 10.Nf3 Ne7 11.O-O O-O 12.Qd2 e5 13.Rfe1 Ng6 14.Bxa5 Nf4 
15.Bf1 Qg6 16.Bb4 Re8 17.Qe3 Be6 18.Bc3 Nd7 19.Nd2 Bf5 20.Qg3 Nc5 21.Qxg6 
Bxg6 22.b3 Red8 23.Re3 Bc2 24.Nf3 Rd1 25.Rxd1 Bxd1 26.g3 Nfe6 27.Be2 Bc2 
28.b4 Ne4 29.c5 Nxc3 30.Rxc3 Rxa2 31.Bc4 Ra1+ 32.Kg2 Bf5 33.Re3 Kf8 34.Nh4
Nd4 35.Nxf5 Nxf5 36.Rb3 Nd4 37.Rb2 Rc1 38.Bd3 f5 39.Ra2 e4 40.Bf1 Rc2 41.
Rxc2 Nxc2 42.b5 Ne1+ 43.Kg1 Nd3 44.bxc6 bxc6 45.f3 Nxc5 46.Kf2 Ke7 47.fxe4
Nxe4+ 48.Ke3 h5 49.Ba6 c5 50.Kf3 Kf6 51.Bb5 c4 52.Ke3 c3 53.Kd3 g5 54.Bc6 
Ke5 55.h4 g4 56.Be8 Nxg3 57.Kxc3 f4 58.Kd3 f3 59.Ke3 Nf5+ 0-1

[Event "13th Asia-ch"]
[Site "Al-Ain UAE"]
[Date "2015.08.06"]
[Round "5"]
[White "Nguyen Djuc Hoa"]
[Black "Ghaem Maghami, Ehsan"]
[Result "1-0"]
[WhiteElo "2500"]
[BlackElo "2609"]
[EventDate "2015.08.02"]
[PlyCount "135"]

1.e4 c5 2.Nf3 e6 3.d4 cxd4 4.Nxd4 Nc6 5.Nc3 Qc7 6.Be2 a6 7.O-O Nf6 8.Kh1 
Be7 9.f4 d6 10.Be3 O-O 11.Qe1 Nxd4 12.Bxd4 b5 13.e5 dxe5 14.fxe5 Nd7 15.
Ne4 Bb7 16.Nf6+ Kh8 17.Bd3 gxf6 18.exf6 Bc5 19.Qh4 Bxg2+ 20.Kxg2 Rg8+ 21.
Kh1 Nf8 22.Rf3 Bxd4 23.Rh3 Rg5 24.Qxg5 Qc6+ 25.Qg2 Qxg2+ 26.Kxg2 Bxb2 27.
Rf1 Rc8 28.Rh4 Kg8 29.Rb4 Bc3 30.Rg4+ Ng6 31.h4 Kf8 32.h5 Ne5 33.Rg7 Nxd3 
34.Rxh7 Ne1+ 35.Kh3 Kg8 36.Rg7+ Kh8 37.Rxf7 Nxc2 38.Re7 Ne3 39.f7 Rf8 40.
Rf3 Nd5 41.Rxe6 Bd2 42.Rd6 Nf4+ 43.Kg4 Bc1 44.Rc6 Ne2 45.Rf2 Nf4 46.Rf3 
Ne2 47.Rxa6 Nd4 48.Rf1 Bb2 49.Kg5 Kg7 50.h6+ Kh7 51.Kh5 Ne2 52.Rf2 Ng3+ 
53.Kg4 Bd4 54.Rf3 Ne4 55.Re6 Nc5 56.Rd6 Bb2 57.Rf5 Ba3 58.Kh5 Ne4 59.Rg6 
Bb2 60.Rg8 Rxf7 61.Rxf7+ Kxg8 62.Kg6 Ng5 63.Rb7 Ne6 64.h7+ Kf8 65.Rxb5 Ba1
66.Rb8+ Ke7 67.h8=Q Bxh8 68.Rxh8 1-0

[Event "13th Asia-ch"]
[Site "Al-Ain UAE"]
[Date "2015.08.06"]
[Round "5"]
[White "Zhou Jianchao"]
[Black "Yuan Qingyu"]
[Result "1-0"]
[WhiteElo "2600"]
[BlackElo "2359"]
[EventDate "2015.08.02"]
[PlyCount "44"]

1.d4 Nf6 2.c4 e6 3.Nc3 Bb4 4.Qc2 O-O 5.a3 Bxc3+ 6.Qxc3 d6 7.Nf3 Nbd7 8.b4 
b6 9.Bb2 Bb7 10.e3 Ne4 11.Qc2 Ng5 12.Be2 a5 13.b5 Qe7 14.Nd2 f5 15.f3 e5 
16.d5 f4 17.O-O-O Nf7 18.h4 Nh6 19.Rdg1 Kf7 20.g4 Ke8 21.g5 Nf7 22.h5 Rg8 
1-0

[Event "13th Asia-ch"]
[Site "Al-Ain UAE"]
[Date "2015.08.06"]
[Round "5"]
[White "Liu Chang"]
[Black "Salem, A. R. Saleh"]
[Result "0-1"]
[WhiteElo "2353"]
[BlackElo "2595"]
[EventDate "2015.08.02"]
[PlyCount "58"]

1.c4 e5 2.g3 Nf6 3.Bg2 c6 4.Nf3 e4 5.Nd4 d5 6.cxd5 Qxd5 7.e3 Bc5 8.d3 Qe5 
9.dxe4 Nxe4 10.O-O O-O 11.b3 Na6 12.Bb2 Nf6 13.Nd2 Bg4 14.Qb1 Qh5 15.a3 
Rad8 16.Nc4 Rfe8 17.Re1 Bh3 18.Bf3 Bg4 19.Bg2 Bf8 20.Qc2 Nc5 21.e4 Ncxe4 
22.Bxe4 Bc5 23.Nxc6 Nxe4 24.Nxd8 Bf3 25.h4 Qg4 26.Kh2 Ng5 27.Rxe8+ Bf8 28.
Rxf8+ Kxf8 29.Ne6+ fxe6 0-1